<?xml version="1.0" encoding="UTF-8"?>
<marc:record xmlns:marc="http://www.loc.gov/MARC21/slim">
   <marc:leader>00000nam a2200000 a 4500</marc:leader>
   <marc:datafield ind1=" " ind2=" " tag="653">
      <marc:subfield code="a">Lindgren, Astrid</marc:subfield>
   </marc:datafield>
   <marc:datafield ind1=" " ind2=" " tag="653">
      <marc:subfield code="a">DVD</marc:subfield>
   </marc:datafield>
   <marc:datafield ind1="0" ind2="0" tag="245">
      <marc:subfield code="a">Ferien auf Saltokran - Teil 4</marc:subfield>
   </marc:datafield>
   <marc:datafield ind1="0" ind2="0" tag="245">
      <marc:subfield code="b">Die Seeräuber</marc:subfield>
   </marc:datafield>
   <marc:datafield ind1=" " ind2="1" tag="264">
      <marc:subfield code="c">2006</marc:subfield>
   </marc:datafield>
   <marc:datafield ind1="1" ind2=" " tag="520">
      <marc:subfield code="a">"Ferien auf Saltkrokan 4 - Die Seeräuber"&lt;br/&gt;Melker Melkerson macht dem kleinen Pelle ein ganz besonderes Geschenk: einen richtigen Spaßtag. In einer Fischerbucht auf der Insel Saltkrokan spielen Penne, Stina, Tjorven und Skrollan mit den Erwachsenen Seeräuber. Sogar Tjorvens Vater hat seinen Platz hinter der Ladentheke verlassen und ist mit von der Bootspartie. Auf einem zum Piratenschiff umgebauten alten Kahn entbrennt der Kampf um den phantastischen "Mühsak-Diamanten". Ständig wechselt der Schatz seinen Besitzer. Immer neue Fallen und Schliche denken sich die beiden Banden aus, um ihre Gegner hinters Licht zu führen. Vor allem Melker ist wirklich nie um einen Trick verlegen...</marc:subfield>
   </marc:datafield>
   <marc:datafield ind1=" " ind2=" " tag="041">
      <marc:subfield code="a">ger</marc:subfield>
   </marc:datafield>
   <marc:datafield ind1="1" ind2=" " tag="521">
      <marc:subfield code="a">0</marc:subfield>
   </marc:datafield>
   <marc:datafield ind1=" " ind2=" " tag="306">
      <marc:subfield code="a">01:32:00</marc:subfield>
   </marc:datafield>
   <marc:datafield ind1=" " ind2=" " tag="300">
      <marc:subfield code="a">1 DVD</marc:subfield>
   </marc:datafield>
</marc:record>
